000 00762nam a2200181Ia 4500
008 100920s9999 xx 000 0 und d
082 _b3406
_a891.43 थ 86
100 _aझुनझुनवाला शीला.
245 _aभारत के प्राचीन शस्त्रास्त्र.
260 _bसूचना और प्रसारण मन्त्रालय, भारत सरकार.
_c1986
300 _a72
_bसाधी
365 _b13.5
520 _aहिंदी.
630 _aभारत के प्राचीन शस्त्रास्त्र.
650 _aहिंदी.
730 _aभारत के प्राचीन शस्त्रास्त्र.
942 _cBOOK
999 _c673453
_d673450